|
|
|
|
| LEADER |
00000nab a2200000 a 4500 |
| 001 |
vtls008956313 |
| 003 |
SK-MaSNL |
| 005 |
20260304141847.0 |
| 008 |
250505c2006 xo |||||||||||000 b|slo |
| 015 |
|
|
|a SNBRB2007/03
|2 snkbucl
|
| 035 |
|
|
|a (uuid)f3984403-0475-4cb5-8bf2-8754a89050e4
|
| 035 |
|
|
|a urn:nbn:sk:snk-ab9f9u
|
| 035 |
|
|
|a (urnnbn)urn:nbn:sk:snk:ar-a08cb7
|
| 038 |
|
|
|a SNKBUCL
|
| 040 |
|
|
|a SNKBUCL
|b slo
|c SNKBUCL
|e AACR2
|
| 041 |
0 |
|
|a cze
|
| 044 |
|
|
|a xo
|c SK
|
| 080 |
|
|
|a 7.05:06.068
|2 1997
|
| 100 |
1 |
|
|a Kanická, Ludvika
|4 aut
|9 785583
|
| 245 |
1 |
0 |
|a Cena Profesora Halabaly
|b mezinárodní přehlídka studentských prací
|n II.
|c Ludvika Kanická
|
| 300 |
|
|
|b Fotogr., obr.
|
| 650 |
0 |
7 |
|a Cena Profesora Jindřicha Halabalu
|y 2006
|2 snkbucl
|9 99546
|
| 650 |
0 |
7 |
|a ceny za dizajn
|2 snkbucl
|9 851472
|
| 650 |
0 |
7 |
|a interiérový dizajn
|2 snkbucl
|9 72714
|
| 650 |
0 |
7 |
|a nábytkový dizajn
|2 snkbucl
|9 765
|
| 650 |
0 |
7 |
|a študentské súťaže
|2 snkbucl
|9 573710
|
| 773 |
0 |
|
|t Stolársky magazín
|g Roč. 7, č. 12 (2006), s. 34-35
|x 1335-7018
|
| 850 |
|
|
|a Slovenská národná knižnica
|
| 852 |
|
|
|a Slovenská národná knižnica
|
| 958 |
|
|
|a article13
|
| 958 |
|
|
|a OND
|
| 958 |
|
|
|a EUIPO
|
| 999 |
|
|
|c 2919821
|d 2921751
|